Pays avec le plus de poissons menacés - Statistiques

Statistiques générales
  • Ce quiz a été pris 17 fois
  • Le résultat moyen est 15 sur 20
Statistiques - réponses
Hint Réponse % Correct
125 Australie
100%
136 Chine
100%
251 États‑Unis
100%
227 Inde
93%
166 Indonésie
93%
181 Mexique
93%
121 Afrique du Sud
87%
93 Colombie
80%
83 Vietnam
80%
83 Espagne
73%
99 Philippines
73%
87 Philippines
73%
106 Thaïlande
73%
94 Thaïlande
73%
80 Grèce
67%
111 Madagascar
67%
131 Turquie
60%
91 RD Congo
40%
179 Tanzanie
40%
122 Cameroun
20%
Aucun quiz correspondant
Distribution des résultats
% des personnes avec chaque résultat
Percentile par nombre de réponses
Votre historique - résultats
Vous n’avez pas pris ce quiz